Study on financial performance of Mangalore tiles limited at Kundapura / (Record no. 230868)
[ view plain ]
| 000 -LEADER | |
|---|---|
| fixed length control field | 00559nam a22001697a 4500 |
| 003 - CONTROL NUMBER IDENTIFIER | |
| control field | OSt |
| 005 - DATE AND TIME OF LATEST TRANSACTION | |
| control field | 20240529110316.0 |
| 008 - FIXED-LENGTH DATA ELEMENTS--GENERAL INFORMATION | |
| fixed length control field | 240522b ||||| |||| 00| 0 eng d |
| 040 ## - CATALOGING SOURCE | |
| Transcribing agency | AIMIT LIBRARY |
| 100 ## - MAIN ENTRY--PERSONAL NAME | |
| Personal name | Kumar, Chethan. |
| Relator term | 2016037 |
| 9 (RLIN) | 166807 |
| 245 ## - TITLE STATEMENT | |
| Title | Study on financial performance of Mangalore tiles limited at Kundapura / |
| Statement of responsibility, etc. | By Chethan Kumar ; Guided by Rowena Wright. |
| 260 ## - PUBLICATION, DISTRIBUTION, ETC. | |
| Name of publisher, distributor, etc. | Mangalore , |
| Date of publication, distribution, etc. | 2022. |
| 650 ## - SUBJECT ADDED ENTRY--TOPICAL TERM | |
| Topical term or geographic name entry element | Financial performance, |
| 9 (RLIN) | 168365 |
| 700 ## - ADDED ENTRY--PERSONAL NAME | |
| Personal name | Wright, Rowena. |
| Relator term | Guide |
| 9 (RLIN) | 166808 |
| 856 ## - ELECTRONIC LOCATION AND ACCESS | |
| Materials specified | Mangalore Tiles Ltd. |
| 942 ## - ADDED ENTRY ELEMENTS (KOHA) | |
| Source of classification or shelving scheme | Dewey Decimal Classification |
| Koha item type | Project Report |
| Withdrawn status | Lost status | Source of classification or shelving scheme | Damaged status | Not for loan | Collection code | Home library | Current library | Shelving location | Date acquired | Total Checkouts | Barcode | Date last seen | Copy number | Price effective from | Koha item type |
|---|---|---|---|---|---|---|---|---|---|---|---|---|---|---|---|
| Dewey Decimal Classification | Not for loan | Project Report MBA | St Aloysius Institute of Management & Information Technology | St Aloysius Institute of Management & Information Technology | Dissertations | 05/22/2024 | PRB01894 | 05/22/2024 | 2016037 | 05/22/2024 | Project Report |